Anales de la Dirección General de lo Contencioso del Estado
Descripción Física:
25 cm
MARC
| LEADER | 00000nam a2200000Ia 4500 | ||
|---|---|---|---|
| 001 | 18448 | ||
| 008 | 160829s9999 xx 000 0 cat d | ||
| 080 | |a D-3-140 | ||
| 245 | |a Anales de la Dirección General de lo Contencioso del Estado | ||
| 260 | |a Madrid : |b Ministerio de Economía y Hacienda, DL 1962 - | ||
| 300 | |a 25 cm | ||
| 590 | |a Anual. | ||
| 590 | |a Descripció basada en: núm. 80 | ||
| 650 | |a Jurisprudència administrativa |x Repertoris |x Espanya |9 29981 | ||
| 650 | 0 | |a Dret administratiu |z Espanya |9 23238 | |
| 710 | |a Espanya. Dirección General de lo Contencioso del Estado |9 29982 | ||
| 866 | |a 80, | ||
| 901 | |a Arxiu | ||
| 942 | |n 1 | ||
| 952 | |0 1 |1 0 |2 udc |4 0 |5 2 |6 D3140 |7 1 |9 45197 |a Arxiu |b Arxiu |d 2016-12-01 |l 0 |o D-3-140 |p 18448 |r 2016-12-01 00:00:00 |w 2016-12-01 |y ARXIU | ||
| 999 | |c 48269 |d 48269 | ||